[Event "Czechia KP-chTA 0607"]
[Site "Czech Republic"]
[Date "2007.01.21"]
[Round "6.6"]
[White "Pauch, Jan"]
[Black "Hanibal, Kamil"]
[Result "1-0"]
[WhiteElo "2096"]
[BlackElo "1935"]
[PlyCount "121"]
[EventDate "2006.10.29"]
[EventType "team"]
[EventRounds "11"]
[EventCountry "CZE"]
[SourceTitle "EXT 2008"]
[Source "ChessBase"]
[SourceDate "2007.11.25"]
[SourceVersion "1"]
[SourceVersionDate "2007.11.25"]
[SourceQuality "1"]
[WhiteTeam "Lysa nad Labem II"]
[BlackTeam "Emerge MB B"]
[WhiteTeamCountry "CZE"]
[BlackTeamCountry "CZE"]

1. e4 d5 2. exd5 Nf6 3. Bb5+ Nbd7 4. c4 a6 5. Bxd7+ Qxd7 6. d3 c6 7. dxc6 Qxc6 8. Qf3 Qb6 9. Nc3 Bg4 10. Qe3 Qc6 11. Nf3 e6 12. 0-0 Bxf3 13. Qxf3 Qxf3 14. gxf3 0-0-0 15. Rd1 Bc5 16. Be3 Bd4 17. Bxd4 Rxd4 18. Ne2 Rd7 19. d4 Rhd8 20. a4 a5 21. Rd3 Rc7 22. b3 Nd7 23. Rad1 Nb8 24. Nc3 Nc6 25. Nb5 Rcd7 26. f4 b6 27. R3d2 Ne7 28. Kg2 Nf5 29. Kf3 Kb7 30. Ke4 g6 31. Rd3 Kc6 32. Rc3 Nd6+ 33. Nxd6 Rxd6 34. Rh3 h5 35. Rhd3 R6d7 36. h4 Rd6 37. Rg1 Kd7 38. Rg5 Ke7 39. Rb5 Kf6 40. d5 Re8 41. Kf3 exd5 42. Rbxd5 Rxd5 43. Rxd5 Re6 44. Rb5 Rd6 45. Ke4 Ke6 46. Re5+ Kf6 47. Rd5 Re6+ 48. Kd4 Re2 49. Rd6+ Kf5 50. Rxb6 Rxf2 51. c5 Rxf4+ 52. Kd5 Rxh4 53. c6 Rh1 54. c7 Rd1+ 55. Kc6 Rc1+ 56. Kd7 Rxc7+ 57. Kxc7 h4 58. b4 h3 59. bxa5 h2 60. Rb1 Kf4 61. a6 1-0

[Event "CZE-chT3A Middle 0506  "]
[Site "Czech Republic"]
[Date "2005.11.26"]
[Round "3.5"]
[White "Pauch, Jan"]
[Black "Zahorbensky, Jaroslav"]
[Result "1/2-1/2"]
[WhiteElo "2096"]
[BlackElo "2140"]
[PlyCount "94"]
[EventDate "2005.10.30"]
[EventType "team"]
[EventRounds "11"]
[EventCountry "CZE"]
[SourceTitle "EXT 2009"]
[Source "ChessBase"]
[SourceDate "2008.11.26"]
[SourceVersion "1"]
[SourceVersionDate "2008.11.26"]
[SourceQuality "1"]

1. e4 e5 2. Nf3 Nf6 3. Nc3 Nc6 4. Bb5 Bc5 5. 0-0 0-0 6. Bxc6 dxc6 7. d3 Re8 8. h3 Nd7 9. Qe2 Nf8 10. Be3 Qe7 11. Rad1 Bxe3 12. Qxe3 c5 13. Ne2 Ng6 14. Nd2 Be6 15. f4 exf4 16. Nxf4 Nxf4 17. Rxf4 Rad8 18. Rdf1 b6 19. R4f3 Qd6 20. b3 Qd4 21. Rg3 Kf8 22. Kh2 Qxe3 23. Rxe3 Ke7 24. Nf3 h6 25. Ne5 Ra8 26. Rg3 Rg8 27. a4 f6 28. Ng6+ Kd6 29. Re3 Rge8 30. Nh4 Rad8 31. Rg3 Rd7 32. Nf5+ Bxf5 33. Rxf5 Re5 34. Rgf3 Rxf5 35. Rxf5 c6 36. Kg1 Rf7 37. Kf2 a5 38. Ke3 Ke6 39. Rf1 g6 40. g4 Rd7 41. c3 Rh7 42. Rg1 h5 43. g5 f5 44. Kf4 Rf7 45. Rg3 fxe4+ 46. Kxe4 Rf1 47. Re3 h4 1/2-1/2

[Event "CZE-chTV 0001"]
[Site "Czech Republic"]
[Date "2001.??.??"]
[Round "8"]
[White "Pauch, Jan"]
[Black "Kaderka, Radek"]
[Result "1/2-1/2"]
[WhiteElo "2075"]
[BlackElo "2175"]
[PlyCount "50"]
[EventDate "2000.??.??"]
[EventType "team"]
[EventRounds "11"]
[EventCountry "CZE"]
[SourceTitle "EXT 2003"]
[Source "ChessBase"]
[SourceDate "2002.11.25"]
[SourceVersion "1"]
[SourceVersionDate "2002.11.25"]
[SourceQuality "1"]

1. e4 d6 2. d4 Nf6 3. Nc3 g6 4. Bc4 Bg7 5. Nf3 0-0 6. Qe2 c6 7. e5 Nd5 8. exd6 Qxd6 9. Ne4 Qc7 10. 0-0 Bg4 11. Neg5 h6 12. h3 Bxf3 13. Nxf3 e6 14. Ne5 Nd7 15. Bxd5 cxd5 16. Nxd7 Qxd7 17. c3 b5 18. Bf4 a5 19. a3 Rfc8 20. Qe3 Kh7 21. Be5 Ra7 22. Rfe1 Bxe5 23. Qxe5 Qc7 24. Qf6 Qe7 25. Qe5 Qc7 1/2-1/2

[Event "CZE-chT2V 9899"]
[Site "Czech Republic"]
[Date "1998.??.??"]
[Round "?"]
[White "Pauch, Jan"]
[Black "Rosecky, Jan"]
[Result "1-0"]
[WhiteElo "2070"]
[BlackElo "1855"]
[PlyCount "67"]
[EventDate "1998.??.??"]
[EventType "team"]
[EventRounds "11"]
[EventCountry "CZE"]
[SourceTitle "EXT 2000"]
[Source "ChessBase"]
[SourceDate "1999.11.16"]
[SourceVersion "1"]
[SourceVersionDate "1999.11.16"]
[SourceQuality "1"]

1. e4 e6 2. d4 d5 3. e5 c5 4. c3 Nc6 5. Nf3 Qb6 6. a3 c4 7. Nbd2 f6 8. Be2 fxe5 9. Nxe5 Nxe5 10. dxe5 Bc5 11. 0-0 Ne7 12. b4 cxb3 13. Nxb3 0-0 14. Nxc5 Qxc5 15. Qd3 b6 16. Be3 Qc7 17. f4 Bb7 18. Bd4 Rac8 19. Qh3 Qd7 20. Bd3 g6 21. g4 Rf7 22. Rf3 Rcf8 23. Qh6 Qc8 24. f5 gxf5 25. gxf5 Rg7+ 26. Kh1 Nxf5 27. Bxf5 Rxf5 28. Rxf5 exf5 29. Rg1 Qf8 30. Qe6+ Qf7 31. Rxg7+ Kxg7 32. Qd6 Kg8 33. e6 Qe8 34. Qe5 1-0